000 00570nam a22001817a 4500
005 20251108173319.0
008 250721s2006 xx 000 0 ara d
082 1 4 _a303.64/قرا
100 1 _aالقرالة، مالك خلف
_eمؤلف
245 1 0 _aثورة بلا عنوان /
264 1 _aعمان :
_bدار كنوز المعرفة للنشر والتوزيع،
_c2006.
300 _a242 ص.
650 1 7 _aالإسلام
650 1 7 _aالثقافة الجماهيرية
650 1 7 _aالبلدان العربية
942 _2ddc
_cBK
999 _c101042
_d101042